| 000 | 00851nam a2200265 i 4500 | ||
|---|---|---|---|
| 003 | DO-SdBNP | ||
| 005 | 20251127082331.0 | ||
| 007 | ta | ||
| 008 | 240409s1999 xxu 001 0dspa d | ||
| 020 | _a848954848X | ||
| 040 |
_aDO-SdBNP _bspa _cBNPHU _erda |
||
| 082 | 4 |
_bC392v _222 |
|
| 100 |
_aCela, Jorge _eautor _962270 |
||
| 245 | 1 | 4 |
_aVamos a respetarnos : _bapuntes para comprensión y superación de las prácticas paternalistas / _cJorge Cela |
| 264 |
_aSanto Domingo : _bPontificia Universidad Católica Madre y Maestra,, _c1999. |
||
| 300 |
_a30 páginas _c23 cm. |
||
| 336 |
_2rdacontent _atexto _btxt |
||
| 337 |
_2rdamedia _asin mediación _bn |
||
| 338 |
_2rdacarrier _avolumen _bnc |
||
| 590 | _aInventariado, 2024/ DG | ||
| 650 | 4 |
_aCooperativismo _98303 |
|
| 650 | 0 |
_aParticipación social _977777 |
|
| 910 | _aDG | ||
| 942 |
_2ddc _cLF2 |
||
| 999 |
_c56298 _d56298 |
||